00729nam a22001697a 4500008004100000020001500041050002700056245020500083260003700288300002500325440001100350500001900361700002100380942001200401999001600413952013000429140904b xxu||||| |||| 00| 0 eng d a0406850380 aKD288.A64(1949 vol. 1) aThe All England law reports 1949(vol. 1): of Cases Decided in the House of Lords. The Privy Council. All Divisions of the Supreme Court and Courts of Special Jurisdiction. /cedited by G.F.L. Bridgman aLondon:bThe Law journal,c1949. axxxvi, 1144p.c25cm. vVol. 1 aIncludes index aBridgman, G.F.L. 2lcccBK c4199d11699 00102lcc4070aWIUC-1bWIUC-1cLLd2014-09-04l0oKD288.A64(1949 vol. 1)p2116/1113/14r2014-09-04 00:00:00w2014-09-04yBK